00238 a2200097 450000100060000008200140000610000330002024500600005326000180011330000090013163596 a297.5 ISM aShah Muhammad Ismail Shaheed aMajmooa taqweeyatul Emaan maya Tazkiratul AkhwaanhUrdu bNoor Muhammad a466p